Macroeconomics
Αποθηκεύτηκε σε:
| Κύριος συγγραφέας: | |
|---|---|
| Άλλοι συγγραφείς: | |
| Μορφή: | Βιβλίο |
| Γλώσσα: | English |
| Δημοσίευση: |
Saint Paul :
West Pub. Co.,
c1982
|
| Θέματα: | |
| Ετικέτες: |
Προσθήκη ετικέτας
Δεν υπάρχουν, Καταχωρήστε ετικέτα πρώτοι!
|
MARC
| LEADER | 00000cam a2200000 i 4500 | ||
|---|---|---|---|
| 001 | 1/31427 | ||
| 008 | 950809s1982 eng d | ||
| 020 | |a 0314633022 |c $12.95 | ||
| 035 | |l 10023577 | ||
| 040 | |a GR-MY-UA |b gre |e aacr | ||
| 041 | 0 | |a eng | |
| 082 | 0 | |a 339 |2 (19) | |
| 100 | 1 | |a Truett, Lila J. |q (Lila Jean) | |
| 245 | 1 | 0 | |a Macroeconomics / |c Lila J. Truett, Dale B. Truett |
| 260 | |a Saint Paul : |b West Pub. Co., |c c1982 | ||
| 300 | |a xxvi, 513, [38] p.; |b ill.; |c 26 cm | ||
| 504 | |a Includes bibliographical references and index | ||
| 650 | 0 | 0 | |a Macroeconomics. |
| 700 | 1 | |a Truett, Dale B. | |
| 852 | |a INST |b CHIOS |e 19950809 |h 339 TRU |p 005200001213 |q 005200001213 |t BK |y 0 | ||
| 909 | |a Χ |b 013396 | ||